[Event "Moscow International"]
[Site "Moscow"]
[Date "1982.05.24"]
[Round "11"]
[White "Zeitlein, Michael"]
[Black "Vaganian, Rafael A"]
[Result "0-1"]
[WhiteElo "2490"]
[BlackElo "2550"]
[Annotator "Knaak,R"]
[PlyCount "122"]
[EventDate "1982.05.09"]
[EventType "tourn"]
[EventRounds "13"]
[EventCountry "URS"]
[EventCategory "10"]
[SourceTitle "MCL"]
[Source "ChessBase"]
[SourceDate "1999.07.01"]
[SourceVersion "1"]
[SourceVersionDate "1999.07.01"]
[SourceQuality "1"]

1. e4 e6 2. d4 d5 3. Nd2 c5 4. exd5 exd5 5. Bb5+ Bd7 6. Qe2+ Be7 7. dxc5 Nf6 8.
Ngf3 O-O 9. O-O Re8 10. Nb3 Bxc5 11. Qd3 Bb6 12. Bxd7 Qxd7 $1 {Ist wohl noch
stärker als die Ausgleichsfortsetzung 12...Nbxd7.} 13. Bg5 Ne4 14. Rad1 Nc6 15.
Qxd5 {Das ist zwar konsequent, aber im Ausgleichssinne war} (15. c3 {
vorzuziehen. Allerdings besitzt Schwarz auch dann die besseren Aussichten.})
15... Qxd5 16. Rxd5 Nb4 17. Rd7 Nxc2 18. Rxb7 {Weiß hat einen Bauern mehr,
kann also kaum schlechter stehen? Vaganian beweist schnell das Gegenteil. Es
ist bemerkenswert, wie wenig die weißen Springer leisten.} f6 19. Bd2 Rab8 $3 {
Damit wird die aktivste weiße Figur abgetauscht. Andererseits lag es ach nahe,
den Rb7 wegzufangen.} (19... Rad8 20. Rc1 (20. Ba5 {(Fritz)}) 20... Bxf2+ 21.
Kh1 Ne3 $2 (21... Nxd2 {(Fritz)} 22. Nbxd2 Rc8) 22. Rcc7 {hat Weiß starkes
Spiel.}) 20. Rxb8 Rxb8 21. Rc1 Nb4 (21... Bxf2+ 22. Kf1 Rc8 23. Bc3 {(!)
schrieb ich damals, aber:} ({Besser ist} 23. Na1 $1 Be3 24. Rxc2 Rxc2 25. Nxc2
Bxd2 26. Nxd2 Nxd2+ 27. Ke2 $16) 23... Ne3+ $1 24. Ke2 Nxg2) 22. Be1 $2 (22.
Bxb4 $1 Bxf2+ 23. Kf1 Rxb4 $15 {Weiß kann sich vielleicht in ein 2-3 am
Königsflügel retten.}) 22... Nxf2 $3 23. Bxf2 Bxf2+ 24. Kxf2 Nd3+ 25. Ke2 Nxc1+
26. Nxc1 Rxb2+ 27. Nd2 {Als Ergebnis der Kombination ist ein Endspiel
entstanden, das man auf den ersten Blick als ungefähr gleich einschätzen
könnte. Jedoch harmonisieren die weißen Figuren überhaupt nicht miteinander.
Die Springer werden nicht von Bauern gedeckt, sondern müssen diese im
Gegenteil gegen die Angriffe des Turmes verteidigen. Da noch Bauern auf zwei
Flügeln stehen, setzt sich der langschrittige Turm gegen zwei Springer und
einen König durch.} Rc2 28. Kd1 Rb2 29. Ke2 h5 30. Kd3 h4 31. Kc3 Rb5 32. Nd3
Ra5 $1 33. Kb3 Rg5 34. Ne1 h3 35. gxh3 Rh5 36. Nf1 Rxh3+ 37. Kb4 Rh4+ 38. Kc3
Ra4 39. Kb3 Rf4 $1 40. Ng3 Rf2 41. h4 Rf4 42. h5 Rh4 43. Nf5 Rxh5 44. Ne7+ Kf7
45. Nc6 a6 46. Nb4 a5 47. Nbd3 Rf5 48. Kc4 g5 49. a4 Kg6 50. Kd4 Rf1 51. Ke3
Rh1 52. Nf3 Ra1 53. Nc5 Ra3+ 54. Ke2 g4 55. Nd4 f5 56. Ndb3 f4 57. Nxa5 f3+ 58.
Kf1 Ra1+ 59. Kf2 Ra2+ 60. Kf1 g3 61. Nab3 Rh2 0-1

[Event "Interzonal-16"]
[Site "Biel"]
[Date "1993.??.??"]
[Round "11"]
[White "Van Wely, Loek"]
[Black "Ehlvest, Jaan"]
[Result "1-0"]
[WhiteElo "2585"]
[BlackElo "2620"]
[Annotator "Knaak,R"]
[PlyCount "80"]
[EventDate "1993.07.16"]
[EventType "swiss"]
[EventRounds "13"]
[EventCountry "SUI"]
[SourceTitle "CBM 037"]
[Source "ChessBase"]
[SourceDate "1993.12.01"]
[SourceVersion "1"]
[SourceVersionDate "1993.12.01"]
[SourceQuality "1"]

1. d4 e6 2. e4 d5 3. Nd2 c5 4. exd5 exd5 5. Ngf3 Nf6 6. Bb5+ Bd7 7. Qe2+ Be7 8.
dxc5 O-O 9. Nb3 Re8 10. Be3 a6 (10... Bxc5 11. Bxd7 Nbxd7 12. Nxc5 Nxc5 13.
O-O-O $14) 11. Bd3 Ng4 $5 (11... Ba4 $5) (11... Nc6 $5 {/\ Bg4, Ne5}) 12. O-O
a5 13. a4 $5 (13. h3) 13... Bf6 $2 (13... Na6 14. Bxa6 Rxa6 $44 {^^ /\ Rg6})
14. c3 Na6 (14... Nxe3 15. fxe3 {/\ Nfd4->}) 15. Bb5 $1 Nc7 16. Nbd4 Nxb5 17.
axb5 Qc7 18. b4 Bxd4 (18... axb4 19. Rxa8 (19. cxb4 $4 Rxa1 20. Rxa1 Bxd4 21.
Nxd4 Qxh2+ $19) 19... Rxa8 20. cxb4 $18) 19. b6 $1 (19. cxd4 axb4 20. b6 Qc6 {
/\ Qb5|^}) 19... Qb8 $8 (19... Rxe3 20. fxe3 Bxe3+ 21. Qxe3 Nxe3 22. bxc7 Nxf1
23. Ne5 $1 $18 (23. Kxf1 Rc8 24. Rxa5 Rxc7 25. Nd4 $18) 23... Rc8 24. Nxd7 Rxc7
25. Rxa5 f6 (25... g6 26. Nf6+) (25... h5 26. Ra8+ {/\ Nf8}) (25... f5 26. Ne5)
26. Nxf6+ gxf6 27. Kxf1) 20. cxd4 axb4 21. Qd2 b3 (21... Nxe3 22. fxe3 $16) 22.
Bf4 Qc8 23. Qb4 $1 (23. h3 Nf6 {/\ Bh3|^}) 23... Rxa1 24. Rxa1 Re2 25. Bg3 b2
26. Rb1 Rc2 27. Rxb2 Rc1+ 28. Ne1 Qe8 29. Rb1 Rc4 30. Qd2 Qe4 31. Ra1 h6 32.
Nf3 $6 (32. f3 $1 Rxd4 33. Qc1 Qe3+ 34. Qxe3 Nxe3 35. Bf2 Rd1 36. Rxd1 Nxd1 37.
Bd4 {/\ Nc2-b4+-}) 32... Rc2 33. Re1 $1 Qf5 (33... Rxd2 34. Rxe4 $18 {/\ Re7}
Rxf2 35. Rxg4) 34. Qa5 Kh7 35. Qa8 Bc6 36. Qb8 $6 (36. Qd8) 36... Rb2 37. Qd8
Bb5 38. Qe7 Qc2 39. Qxf7 Rb1 $6 (39... Nxf2 $142 40. Ng5+ hxg5 41. Bxf2 $16)
40. h3 Nf6 1-0

[Event "Bern zt"]
[Site "Bern"]
[Date "1990.??.??"]
[Round "14"]
[White "Wahls, Matthias"]
[Black "Bruk, Ofer"]
[Result "0-1"]
[WhiteElo "2565"]
[BlackElo "2435"]
[Annotator "Knaak,R"]
[PlyCount "50"]
[EventDate "1990.01.??"]
[EventType "tourn"]
[EventRounds "15"]
[EventCountry "SUI"]
[EventCategory "9"]
[SourceTitle "CBM 017"]
[Source "ChessBase"]
[SourceDate "1990.08.01"]
[SourceVersion "1"]
[SourceVersionDate "1990.08.01"]
[SourceQuality "1"]

1. e4 e6 2. d4 d5 3. Nd2 c5 4. exd5 exd5 5. Ngf3 Nf6 6. Bb5+ Bd7 7. Be2 {
Diesen Zug sieht man erst in letzter Zeit häufiger. Er wird vermutlich nicht
aus Überzeugung gespielt, sondern weil 7.De2+ und 7.Lxd7+ zu wenig positive
Ergebnisse brachten.} Nc6 {7...c4 ist auf zwei weiteren Partien dieser
Diskette zu sehen.} 8. O-O cxd4 9. Nb3 Be7 10. Nfxd4 (10. Nbxd4 O-O 11. Be3 Ne4
(11... Re8 12. c4 Bg4 13. h3 Nxd4 14. Qxd4 Bh5 15. Rfd1 dxc4 16. Qxc4 $14 {
Dvoirys,S-Nikolenko,O/URS-chT/1988/1-0}) 12. Nxc6 bxc6 13. c4 Bf6 14. Bd4 Be6
$10 {Dvoirys,S-Zlotnik,B/URS-chT/1988/0,5-0,5}) 10... O-O 11. Nxc6 bxc6 12. Be3
Re8 $10 13. c4 Bd6 14. cxd5 {>= 14.Tc1 oder 14.c5} Nxd5 $1 {Die Aktivität der
schwarzen Figuren kompensiert die Bauernschwächen reichlich.} 15. Bd4 $2 (15.
Bc5) 15... Qg5 16. Bf3 (16. Re1 Bb4 $1 $17) 16... Bh3 $1 $17 17. Kh1 (17. Re1
Qf4 18. Rxe8+ Rxe8 19. gxh3 (19. g3 Re1+ 20. Qxe1 Qxf3 $19) 19... Qxh2+ 20. Kf1
Nf4 21. Be3 Qxh3+ 22. Ke1 Bb4+ $19) (17. Qd2 Nf4 18. g3 Bxf1 19. Rxf1 {19.Kf1
Db5+} Qg6 $1 20. Bxc6 Ne2+ 21. Kh1 Bf4 $19) 17... Qh6 $1 (17... Bxg2+ $2 18.
Bxg2 Qh4 19. f4) 18. Rg1 Bxh2 $1 19. gxh3 Bxg1 20. Bxd5 (20. Kxg1 $5) 20...
Qxh3+ $19 21. Kxg1 cxd5 22. Qf1 Qh6 23. Qg2 Re6 24. Qxd5 Rae8 25. Be3 Qh3 0-1

[Event "EU-Cup 07th semifinal"]
[Site "Moscow"]
[Date "1990.??.??"]
[Round "4.2"]
[White "Sokolov, Andrei"]
[Black "Vladimirov, Yevgeniy"]
[Result "1/2-1/2"]
[WhiteElo "2570"]
[BlackElo "2575"]
[Annotator "Knaak,R"]
[PlyCount "120"]
[EventDate "1990.09.??"]
[EventType "team-match"]
[EventRounds "2"]
[EventCountry "URS"]
[SourceTitle "EXT 2020"]
[Source "ChessBase"]
[SourceDate "2019.10.17"]
[SourceVersion "1"]
[SourceVersionDate "2019.10.17"]
[SourceQuality "1"]
[WhiteTeam "Moscow Tigran Petrosian"]
[BlackTeam "Moscow CSKA"]
[WhiteTeamCountry "RUS"]
[BlackTeamCountry "URS"]

1. e4 e6 2. d4 d5 3. Nd2 c5 4. exd5 exd5 5. Ngf3 Nc6 6. Be2 Nf6 7. O-O cxd4 8.
Nb3 Be7 9. Nfxd4 O-O 10. Bf4 Ne4 11. Qd3 Bf6 12. Rad1 Bd7 13. c3 $14 Bxd4 14.
Nxd4 Qf6 15. Bc1 Rad8 16. Qf3 $1 Qg6 17. Qh5 $1 Rfe8 18. Qxg6 hxg6 19. Rfe1 $16
{^^} Nxd4 20. Rxd4 Bc6 21. Be3 (21. Rdd1 $142 Nd6 22. f3 {/\ Kf2}) 21... Nd6
22. Rdd1 Nc4 23. Bc1 a5 24. b3 Nd6 25. f3 a4 26. Kf2 Nb5 27. Bb2 Nc7 28. c4 $2
axb3 29. axb3 Ra8 30. Ra1 Rxa1 31. Bxa1 Ne6 32. Bb2 Nf4 33. Bf1 Rxe1 34. Kxe1
dxc4 35. bxc4 g5 36. Kd2 f6 37. Ke3 Ne6 38. Ba3 Kf7 39. Bd6 Ke8 40. Bd3 Kf7 41.
g3 g6 42. g4 Ng7 43. f4 gxf4+ 44. Bxf4 g5 45. Bc7 Ne6 46. Bd6 Nf8 47. Bf5 Nd7
48. Kd4 Kg7 49. Be6 Kg6 50. Bc7 Kg7 51. Bd8 Kg6 52. Be7 Kg7 53. Bd6 Kg6 54. Bc7
Kg7 55. c5 Kg6 56. Bd6 Kg7 57. Bc7 Kg6 58. Bd5 f5 59. gxf5+ Kxf5 60. Bg8 Nf8
1/2-1/2

[Event "Oakham YM"]
[Site "Oakham"]
[Date "1992.??.??"]
[Round "1"]
[White "Rublevsky, Sergei"]
[Black "Sjodahl, Pontus"]
[Result "1-0"]
[WhiteElo "2505"]
[BlackElo "2345"]
[Annotator "Knaak,R"]
[PlyCount "45"]
[EventDate "1992.03.??"]
[EventType "swiss"]
[EventRounds "9"]
[EventCountry "ENG"]
[SourceTitle "CBM 030"]
[Source "ChessBase"]
[SourceDate "1992.10.01"]
[SourceVersion "1"]
[SourceVersionDate "1992.10.01"]
[SourceQuality "1"]

1. e4 e6 2. d4 d5 3. Nd2 c5 4. Ngf3 Nf6 5. exd5 exd5 6. Bb5+ Bd7 7. Bxd7+ Nbxd7
8. O-O Be7 9. dxc5 Nxc5 10. Nb3 Nce4 11. Nfd4 Qd7 12. f3 Nd6 13. Nc5 Qc7 14.
Nd3 O-O 15. b3 {Akopians Aufbau.} Rfe8 (15... Rac8 16. Kh1 Rfe8 17. Qd2 a6 18.
a4 $14 {Akopian-Rosentalis/Tbilsi/1989 CBM 12}) 16. Bb2 $6 (16. Qd2) (16. Kh1
h6 $6 17. Qd2 Rac8 18. Qf2 a6 19. a4 $14 {Akopian-Dokhoian/Erevan/1989 s. a.
CBM 14 S. 57}) 16... Nc4 $1 17. Bc1 (17. bxc4 dxc4 18. Nf2 c3 19. Bc1 Rad8 $17)
17... Bd6 $5 (17... Qb6 18. c3 Nd6 {קc3}) 18. bxc4 dxc4 19. Nf2 Bxh2+ 20. Kh1
Nh5 $2 (20... Bg3 $44) 21. f4 $1 Nxf4 22. Ng4 Nh5 $6 (22... Bg3 $6 23. Nf5 $18)
(22... Rad8 $5 23. Nxh2 Ne2 (23... Rxd4 $2 24. Qxd4 Ne2 25. Bf4 $18) 24. Qxe2 (
24. Nxe2 Rxd1 25. Rxd1 Rxe2 26. Bf4 Qc8 $13) 24... Rxe2 25. Nxe2 Qe5 $13) 23.
Nh6+ $1 (23. Nh6+ gxh6 24. Qxh5 Be5 25. Nf5 $1 Bxa1 26. Nxh6+ Kh8 27. Nxf7+ Kg8
28. Qg4+ Bg7 29. Bh6 $18) (23. Nxh2 $2 Ng3+ 24. Kg1 Rad8 $40) 1-0

[Event "Capablanca Memorial-19 Group B"]
[Site "Cienfuegos"]
[Date "1984.05.29"]
[Round "7"]
[White "Pinal, Nelson Borges"]
[Black "Vilela de Acuna, Jose Luis"]
[Result "0-1"]
[WhiteElo "2405"]
[BlackElo "2450"]
[Annotator "Knaak,R"]
[PlyCount "52"]
[EventDate "1984.05.22"]
[EventType "tourn"]
[EventRounds "13"]
[EventCountry "CUB"]
[EventCategory "8"]
[SourceTitle "EXT 2015"]
[Source "ChessBase"]
[SourceDate "2014.11.20"]
[SourceVersion "1"]
[SourceVersionDate "2014.11.20"]
[SourceQuality "1"]

{SCHACH 8/1984 Seite 357} 1. e4 e6 2. d4 d5 3. Nd2 c5 4. exd5 exd5 5. Bb5+ Bd7
6. Qe2+ Be7 7. dxc5 Nf6 8. Nb3 O-O 9. Bxd7 $2 {Das verliert auf jeden Fall ein
Tempo.} ({Richtig ist} 9. Be3) 9... Nbxd7 10. Bg5 $2 Bxc5 11. O-O-O Qb6 12. Nh3
$2 {Alle weißen Züge zielen nach d5. Aber die Zeit reicht nicht aus.} ({
Geboten war} 12. Nxc5 Qxc5 13. Nf3) 12... Rac8 13. Kb1 Rfe8 14. Qf3 a5 15. a4
$2 ({Immer noch bestand die beste Chance in} 15. Nxc5) 15... Qc6 16. Bxf6 Nxf6
17. Nf4 {[#]} Be3 $3 18. fxe3 {Weiß lässt sich die Sache zeigen.} ({Nach} 18.
c3 {hätte Schwarz mehrere gute Möglichkeiten, u.a.} Qxa4 (18... Bxf4 19. Qxf4
Ne4 (19... Re4 20. Qf5 $1 Rxa4 21. Nd4 Qc7 22. b3 $1 $13)) 19. fxe3 Qxb3 20.
Nxd5 Ne4 $40) 18... Qxc2+ 19. Ka2 Rc4 20. Rd4 Re4 $1 21. Ka3 ({Folgende
Variante war nun möglich:} 21. Qxe4 Nxe4 22. Rc1 Nc3+ 23. Ka3 b5 $3 24. axb5 {
-sonst matt-} Nxb5+ 25. Ka2 Nxd4 {mit Gewinn.}) 21... Rb4 $1 22. Rxb4 Rxb4 23.
e4 Qc6 $1 24. Nc5 Qxc5 25. Nd3 Qc4 26. Qd1 dxe4 0-1

[Event "Hastings 9091"]
[Site "Hastings"]
[Date "1990.12.??"]
[Round "4"]
[White "Speelman, Jonathan S"]
[Black "Bareev, Evgeny"]
[Result "0-1"]
[WhiteElo "2605"]
[BlackElo "2590"]
[Annotator "Knaak,R"]
[PlyCount "106"]
[EventDate "1990.12.??"]
[EventType "tourn"]
[EventRounds "14"]
[EventCountry "ENG"]
[EventCategory "13"]
[SourceTitle "CBM 022"]
[Source "ChessBase"]
[SourceDate "1991.06.01"]
[SourceVersion "1"]
[SourceVersionDate "1991.06.01"]
[SourceQuality "1"]

1. e4 e6 2. d4 d5 3. Nd2 c5 4. exd5 exd5 5. Ngf3 Nf6 6. Bb5+ Bd7 7. Bxd7+ Nbxd7
8. O-O Be7 9. dxc5 Nxc5 10. Nd4 Qd7 11. Qf3 O-O 12. Rd1 {N} Rfe8 13. Nf1 Nce4
14. Be3 g6 15. c3 Ng4 16. Nb3 Ne5 17. Qe2 Bf8 $10 18. Bd4 Nc4 19. Qc2 b5 20.
Nbd2 Qc6 21. Nxe4 dxe4 $15 22. Nd2 Nd6 23. Re1 Re6 24. Rad1 a5 25. Be3 a4 26.
Bf4 Rae8 27. Nf1 Nb7 28. Be3 h6 29. Re2 f5 30. h4 Kh7 31. Bd4 Nd6 32. g3 g5 33.
h5 Kg8 34. Rde1 Kf7 35. Nd2 R8e7 36. b3 axb3 37. axb3 Qd5 38. Nf1 f4 39. g4 b4
40. Rd1 Nb5 $1 41. Bh8 (41. Bf6 Qc6 42. Bxe7 Bxe7 {/\ Nc3}) 41... Qc6 42. c4
Nc7 43. Ba1 Ne8 44. Rd5 Bg7 45. Rf5+ Kg8 46. Bxg7 Kxg7 47. Qb2+ Nf6 48. Nd2 e3
49. fxe3 Rxe3 50. Rxe3 Rxe3 51. Nf1 Rh3 52. Qe2 Qh1+ 53. Kf2 Ne4+ 0-1

[Event "Elenite"]
[Site "Elenite"]
[Date "1993.??.??"]
[Round "8"]
[White "Georgiev, Krum"]
[Black "Nikolic, Predrag"]
[Result "0-1"]
[WhiteElo "2475"]
[BlackElo "2625"]
[Annotator "Knaak,R"]
[PlyCount "42"]
[EventDate "1993.??.??"]
[EventType "tourn"]
[EventRounds "11"]
[EventCountry "BUL"]
[EventCategory "14"]
[SourceTitle "CBM 038"]
[Source "ChessBase"]
[SourceDate "1994.02.01"]
[SourceVersion "1"]
[SourceVersionDate "1994.02.01"]
[SourceQuality "1"]

1. e4 e6 2. d4 d5 3. Nd2 a6 4. Ngf3 c5 5. exd5 exd5 6. Be2 c4 7. O-O Bd6 8. b3
b5 9. a4 c3 (9... Bb7 $6 10. bxc4 bxc4 11. Bxc4 dxc4 12. Nxc4 Be7 13. Re1 Qc7
14. Rb1 Qxc4 15. Rxb7 Nc6 16. Nd2 Qxd4 17. Bb2 Qxa4 18. Re4 Qa2 19. Bxg7 O-O-O
20. Rb3 $18 {Geller,E-Dreev,A/New York/1990/}) 10. axb5 cxd2 11. Bxd2 Nf6 $1 (
11... Bb7 $2 12. bxa6 Nxa6 13. Bxa6 Rxa6 14. Qe2+ Qe7 15. Qxa6 $3 Bxa6 16. Rxa6
Qc7 17. Re1+ Kd7 18. c4 $16 {Geller,E-Kekki,J/Matynkyla-ZSKA/}) (11... Ne7 $2
12. c4 Ng6 13. c5 Bf4 14. bxa6 O-O 15. b4 Nxa6 16. g3 Bxd2 17. Qxd2 $16 {
Mannion,S-Buchanan,W/SCO-ch/1988/}) 12. c4 dxc4 $1 (12... O-O $2 13. c5 Bc7 14.
b6 Bxb6 15. cxb6 Qxb6 16. Ba5 $16 {Dolgener,T-Liepold,S/2.BLS 9091/1991/}) 13.
bxc4 $44 O-O 14. c5 $6 {>< d5} Be7 15. Re1 Be6 16. Qb1 Bd5 17. Ba5 Qc8 18. bxa6
Bd8 19. Bxd8 Rxd8 20. a7 Nc6 21. Qb6 Nd7 $17 0-1

[Event "Prestwich"]
[Site "Prestwich"]
[Date "1990.??.??"]
[Round "4"]
[White "Adams, Michael"]
[Black "Ulybin, Mikhail"]
[Result "1-0"]
[WhiteElo "2555"]
[BlackElo "2500"]
[Annotator "Knaak,R"]
[PlyCount "75"]
[EventDate "1990.??.??"]
[EventType "tourn"]
[EventRounds "9"]
[EventCountry "ENG"]
[SourceTitle "CBM 018"]
[Source "ChessBase"]
[SourceDate "1990.10.01"]
[SourceVersion "1"]
[SourceVersionDate "1990.10.01"]
[SourceQuality "1"]

1. e4 e6 2. d4 d5 3. Nd2 c5 4. exd5 exd5 5. Ngf3 Nf6 6. dxc5 Bxc5 7. Nb3 Be7 (
7... Bb6 8. Bb5+ Bd7 9. Qe2+ Qe7 10. Qxe7+ Kxe7 11. Bd3 Re8 $10 {Wahls,M-Frick,
R/Bern zt (11)/1990/1-0}) 8. Bd3 $5 (8. Be2 O-O 9. O-O Bf5 10. Re1 Nc6 11. c3
Ne4 $10 {Adams,M-Dolmatov,S/Hastings-A1/1989/0,5-0,5}) 8... O-O 9. h3 Nc6 10.
c3 Ne4 11. O-O Bf6 12. Be3 Re8 13. Nbd4 Na5 14. Qc2 Bd7 15. Rfe1 Rc8 16. Rad1
Nc4 17. Bf4 Qa5 18. Qb1 Qb6 19. Bxc4 Rxc4 20. Be3 Qd6 21. Qd3 Ra4 22. a3 Bd8
23. Ne2 Bc6 24. Nfd4 Bh4 25. Nf5 Qf6 26. Nxh4 Qxh4 27. Nd4 h6 28. f3 Nd6 29.
Bf2 Rxe1+ 30. Rxe1 Qf6 31. Bg3 g6 32. Qd1 Ra5 33. b4 Rxa3 34. Be5 Qe7 35. Qc1
Nc4 36. Nxc6 bxc6 37. Bd4 Qf8 38. Qf4 1-0

[Event "Bundesliga 9697"]
[Site "Germany"]
[Date "1996.??.??"]
[Round "?.3"]
[White "Hennigan, Michael"]
[Black "Knaak, Rainer"]
[Result "0-1"]
[WhiteElo "2450"]
[BlackElo "2530"]
[Annotator "Knaak,R"]
[PlyCount "80"]
[EventDate "1996.10.12"]
[EventType "team-tourn"]
[EventRounds "15"]
[EventCountry "GER"]
[SourceTitle "GER-chT"]
[Source "ChessBase"]
[SourceDate "1999.07.01"]
[SourceVersion "1"]
[SourceVersionDate "1999.07.01"]
[SourceQuality "1"]
[WhiteTeam "Wuppertal"]
[BlackTeam "Werder Bremen"]
[WhiteTeamCountry "GER"]
[BlackTeamCountry "GER"]

1. e4 e6 2. d4 d5 3. Nd2 c5 4. exd5 exd5 5. Ngf3 Nf6 6. Bb5+ Bd7 7. Qe2+ Be7 8.
dxc5 O-O 9. Nb3 Re8 10. Be3 a6 11. Bd3 Ba4 12. Nfd4 Nbd7 13. O-O-O Bxb3 14.
Nxb3 Nxc5 15. Qf3 Nxd3+ 16. Rxd3 a5 17. Nd4 a4 18. a3 (18. Nf5 a3 19. Nxe7+
Qxe7 20. b3 Ne4 21. Bd4 Ra6 $11) 18... Nd7 $5 {Selbst diese Idee ist nicht neu;
Dolmatov hat so gespielt, aber ohne die Züge a4 und a3. Zapata konnte dann Rb3
spielen. Obwohl ich auf den Zug sehr stolz war, ist vielleicht 18...Ne4 besser.
} 19. Bf4 $1 {Verhindert Nd7-e5-c4 mit Druck auf b2.} (19. Qxd5 $2 Nc5 $17)
19... Nc5 (19... Bf6 $2 20. Nb5 Ne5 21. Bxe5 Rxe5 22. Rhd1 $16) 20. Re3 Bf6 {
Das Bauernopfer brachte ich ungern, aber wie sonst weiter?} 21. Rxe8+ Qxe8 22.
Qxd5 Rc8 $1 $44 23. Kb1 $1 Ne4 $1 24. f3 {[#]} (24. Nb5 $5 Rd8 (24... Rc5 25.
Nd6 Rxd5 26. Nxe8 Be5 27. Nc7 $16) 25. Nc7 $1 Qe7 26. Qxb7 g5 27. Be3 $13)
24... Nf2 $1 25. Rf1 Rd8 26. Bd6 Qe3 27. Nb5 {Nicht so notwendig, wie ich
glaubte.} (27. Nf5 Qb6 28. c3 Bxc3 29. Rxf2 Qxf2 30. bxc3 $11) 27... Qe2 28.
Rc1 h6 {Obwohl ich mich sehr wohl fühlte, kann von Vorteil noch keine Rede
sein. Zunächst glaubten wir nach der Partie sogar an Zugzwang doch Weiß hat}
29. Qxb7 $2 (29. Qf5 $1 {Genau genommen muß jetzt sogar Schwarz das Remis
anstreben:} Bg5 $1 (29... Nd1 $6 30. Qd3 Qxd3 31. cxd3) (29... Qe3 $6 30. Bf4
$1 (30. Bc5 $4 Qxc1+ 31. Kxc1 Rd1#)) 30. f4 Bf6 31. Bc7 Ne4 $1 (31... Re8 32.
Nd6 Re6) 32. Bxd8 $1 Nd2+ 33. Ka2 (33. Ka1 Nb3+ 34. Kb1 Nd2+ $11) 33... Qc4+
34. Ka1 Nb3+ $11) 29... Nd3 $1 30. Nd4 $6 (30. Rg1 $6 Nxb2 31. Qc6 Nc4 $19) (
30. Nc3 $1 Bxc3 31. cxd3 Qxd3+ $1 (31... Bd2 $6 32. Bc7 $1 Qxd3+ (32... Re8 33.
Rc5 $1 $13) 33. Rc2 Re8 34. Bg3 $13) 32. Rc2 Bxb2 $1 33. Kxb2 (33. Bc7 Rd5)
33... Qxd6 $17) 30... Bxd4 31. cxd3 Rxd6 $19 32. Qa8+ Kh7 33. Qe4+ Qxe4 34.
dxe4 Rb6 35. Rc2 Kg6 36. Rd2 Bc5 37. Kc2 Rd6 38. Re2 f6 39. Kc3 Rb6 40. Kc4 Bd6
0-1

[Event "RUS-ch"]
[Site "Elista"]
[Date "1995.??.??"]
[Round "8"]
[White "Svidler, Peter"]
[Black "Bareev, Evgeny"]
[Result "1/2-1/2"]
[WhiteElo "2635"]
[BlackElo "2650"]
[Annotator "Knaak,R"]
[PlyCount "119"]
[EventDate "1995.10.??"]
[EventType "swiss"]
[EventRounds "11"]
[EventCountry "RUS"]
[SourceTitle "CBM 050"]
[Source "ChessBase"]
[SourceDate "1996.02.01"]
[SourceVersion "1"]
[SourceVersionDate "1996.02.01"]
[SourceQuality "1"]

1. e4 e6 2. d4 d5 3. Nd2 c5 4. Ngf3 Nf6 5. exd5 exd5 6. Bb5+ Bd7 7. Bxd7+ Nbxd7
8. O-O Be7 9. dxc5 Nxc5 10. Nb3 Nce4 11. Nfd4 Qd7 12. f3 Nd6 13. Nc5 Qc7 14.
Nd3 O-O 15. b3 {Dieser von Akopian 'erfundene' Aufbau macht es Schwarz nicht
leicht. Die Punkte e4 und c4 sind für die N gesperrt.} Rfe8 (15... Nd7 $5 {
Die Überführung des B nach f6 ist vielleicht der richtige Weg.} 16. Be3 Rfe8
17. Qd2 Bf6 18. Rad1 Rac8 19. Nf2 Ne5 $10 {0-1 Rowson,J-Kaminski,M/WchJM-U16
Bratislava 1993 (53)}) 16. Kh1 (16. Bb2 $6 Nc4 17. bxc4 dxc4 18. Nf2 c3 19. Bc1
Rad8 $17) (16. Qd2 $1 {[%cal Gc1b2,Gb2h8] /\ Qf2, Bb2}) 16... Qb6 $5 17. Be3 {
Der B besetzt nicht sein Idealfeld (b2), dennoch kommt Weiß im folgenden in
Vorteil.} (17. Bb2 $2 Nc4 $15) 17... Bd8 18. Bf2 Qa5 19. a4 Rc8 20. Re1 a6 21.
g4 h6 22. Rxe8+ Nfxe8 23. Qe2 Bf6 24. Nf4 Nc7 25. Rd1 Re8 26. Qd3 Qb4 27. Qd2
Qxd2 28. Rxd2 {+/=/+/-} Nc8 29. h4 Ne7 30. Re2 g6 31. Nd3 Nc8 32. Nc5 Rxe2 33.
Nxe2 b5 (33... Nd6 34. Bg3 Nce8 35. Nf4 d4 36. Ne2 $16) 34. Bg3 Ne6 35. Nxa6
bxa4 36. bxa4 Nb6 37. a5 (37. Nb4) 37... Nc4 38. Nc7 Nxa5 39. Nxd5 {+/-/+-} Bd8
40. Kg2 Kf8 41. Bf2 Nc4 42. Kg3 Ke8 43. Nef4 Kd7 44. Nxe6 (44. h5 {und Weiß
vermeidet die in der Partie folgende Festlegung seines h-P auf einem schwarzen
Feld.}) 44... Kxe6 45. Nf4+ Kd7 46. Nd3 h5 $1 47. gxh5 gxh5 48. Kf4 Kc6 49.
Ne5+ Nxe5 50. Kxe5 Be7 51. c4 Bd8 52. f4 Be7 53. f5 Bd8 54. f6 Ba5 55. Kf5 Bd2
56. Bd4 Bc1 57. Ke4 Bd2 58. Bf2 Bc3 59. Kf5 Bd2 60. Bg1 1/2-1/2

[Event "EU-Cup 02nd final play-off"]
[Site "Bad Lauterberg"]
[Date "1979.11.27"]
[Round "5.3"]
[White "Balashov, Yuri S"]
[Black "Kortschnoj, Viktor Lvovich"]
[Result "1/2-1/2"]
[WhiteElo "2600"]
[BlackElo "2695"]
[Annotator "Knaak,R"]
[PlyCount "61"]
[EventDate "1979.11.23"]
[EventType "team-match"]
[EventRounds "2"]
[EventCountry "GER"]
[SourceTitle "EXT 2012"]
[Source "ChessBase"]
[SourceDate "2011.11.24"]
[SourceVersion "1"]
[SourceVersionDate "2011.11.24"]
[SourceQuality "1"]
[WhiteTeam "Burevestnik"]
[BlackTeam "Rotterdam Volmac"]
[WhiteTeamCountry "URS"]
[BlackTeamCountry "NED"]

1. e4 e6 2. d4 d5 3. Nd2 c5 4. exd5 exd5 5. Bb5+ Bd7 6. Qe2+ Qe7 7. Bxd7+ Nxd7
8. dxc5 Qxe2+ 9. Nxe2 Bxc5 10. Nb3 Bb6 (10... b6) 11. Bf4 Ngf6 12. f3 $146 (12.
O-O {Kantardzhiev,M-Karastoichev,E BUL-ch Sofia 1945 (19) 1-0}) 12... O-O 13.
O-O-O Rfc8 (13... a5 $5) 14. Nbd4 $6 (14. Nc3 $142) 14... g6 15. g4 a6 16. Bg3
Re8 17. b3 Rac8 18. Kb2 Ne5 $11 {[%csl Ge5]} 19. Rhf1 Nc6 20. Bf2 Nxd4 21. Nxd4
Nd7 22. h3 Ba5 23. Kb1 Ne5 24. Be1 Bb6 25. Bf2 Ba5 26. Be1 Bd8 27. Bg3 Bf6 28.
Rfe1 Nc6 29. Rxe8+ Rxe8 30. Nxc6 bxc6 31. Re1 1/2-1/2